000
00311nam a2200109Ia 4500
008
200302s9999 xx 000 0 und d
100
_a
Ernest Burden
245
_a
Architectural Delineation A Photographic Approach to Presentation 2nd ed.
260
_b
Mcgraw-Hill Book Company
260
_c
1982
300
_a
280 P.,
999
_c
725
_d
725